NLSUI OPAC header image

Politics, post modernity and critical legal studies : The legality of the contingent (Record no. 10370)

MARC details
000 -LEADER
fixed length control field 00498nam a2200157Ia 4500
008 - FIXED-LENGTH DATA ELEMENTS--GENERAL INFORMATION
fixed length control field 160316s1994 xxu||||| |||| 00| 0 eng d
082 ## - DEWEY DECIMAL CLASSIFICATION NUMBER
Classification number 340.100000
Item number DOU
100 ## - MAIN ENTRY--PERSONAL NAME
Personal name Douzinas Costas
245 ## - TITLE STATEMENT
Title Politics, post modernity and critical legal studies : The legality of the contingent
250 ## - EDITION STATEMENT
Edition statement
260 ## - PUBLICATION, DISTRIBUTION, ETC.
Place of publication, distribution, etc. London
Name of publisher, distributor, etc. Routledge
Date of publication, distribution, etc. 1994
300 ## - PHYSICAL DESCRIPTION
Extent 223p
Other physical details
Dimensions
365 ## - TRADE PRICE
Price amount
650 ## - SUBJECT ADDED ENTRY--TOPICAL TERM
Topical term or geographic name entry element 1.Law - Philosophy<br/>2.Jurisprudence - Critical Legal Studies
700 ## - ADDED ENTRY--PERSONAL NAME
Personal name Godrich Peter
-- Hachamovitch Yifat
Holdings
Withdrawn status Lost status Damaged status Not for loan Home library Current library Shelving location Date acquired Total Checkouts Full call number Barcode Date last seen Price effective from Koha item type
        . . Library Compactors 30.05.2017   340.1 DOU 10656 30.05.2017 30.05.2017 BOOKs